Mechanical design of machines
שמור ב:
| Main Authors: | , |
|---|---|
| מחברים אחרים: | |
| פורמט: | ספר |
| שפה: | אנגלית |
| יצא לאור: |
Scranton
International Textbook
1965
|
| מהדורה: | 4a. ed |
| נושאים: | |
| תגים: |
הוספת תג
אין תגיות, היה/י הראשונ/ה לתייג את הרשומה!
|
MARC
| LEADER | 00000nam a2200000 a 4500 | ||
|---|---|---|---|
| 001 | UCP2332 | ||
| 003 | CL-VaPUC | ||
| 008 | 990514e19650000us |||||||||||||||||eng|d | ||
| 082 | 0 | 4 | |a 621.815 |b SIE |2 21 |
| 100 | 0 | |a Siegel, Martin J |e author |9 429004 | |
| 700 | |a Maleev, Vladimir L. |e autor |9 429005 | ||
| 700 | 0 | |a Hartman, James B |e author |9 429006 | |
| 245 | 1 | 0 | |a Mechanical design of machines |
| 250 | |a 4a. ed | ||
| 300 | |a 576 p | ||
| 942 | |c BK | ||
| 945 | |d 19990514 00:00:00 |a cmena | ||
| 260 | |a Scranton |b International Textbook |c 1965 | ||
| 650 | 0 | |a Diseño de máquinas |9 271533 | |
| 650 | 7 | |a MECANICA INDUSTRIAL |2 CL-VaPUC |9 429007 | |
| 650 | 0 | |a Ingeniería mecánica |9 262089 | |
| 650 | 7 | |a ELEMENTOS DE MAQUINAS |2 CL-VaPUC |9 429008 | |
| 583 | |a last modification |c 20171115 10:34:47 |k Rodrigo Vera | ||
| 999 | |c 280883 |d 280881 | ||
| 952 | |0 0 |1 0 |4 0 |6 621_815000000000000_SIE_1965 |7 0 |8 P |9 321408 |a BIBMEC |b BIBMEC |d 2019-11-20 |i 1499378 |o 621.815 SIE 1965 |p 1499378 |r 2019-11-20 |w 2019-11-20 |y BK |k MEC | ||